| 000 | 00662nam a22002057a 4500 | ||
|---|---|---|---|
| 999 |
_c9172 _d9172 |
||
| 003 | AR-CdUCM | ||
| 008 | 190327b ||||| |||| 00| 0 spa d | ||
| 040 |
_aMUNICIPALIDAD PROVINCIAL DEL CUSCO _cBIBLIOTECA MUNICIPAL DEL CUSCO |
||
| 082 |
_a869.56 / _bE88 |
||
| 100 |
_aEspinoza Salazar, Ricardo _925222 |
||
| 245 | _aEl tiempo y otras Distancias / | ||
| 260 |
_aPerú : _bBartolome Herrera , _c1963. |
||
| 300 |
_a10 páginas ; _c23 cm. |
||
| 500 | _aContiene dedicatoria a Luis Nieto del mismo Autor. | ||
| 650 |
_aPoesia Peruana _9280 |
||
| 650 |
_aPoesia Latinoamericana _92147 |
||
| 650 |
_aPoesia Romantica _914796 |
||
| 942 |
_2ddc _cLIBROS |
||
| 945 | _artm | ||